000 00692nam a2200205 i 4500
001 187691
003 ES-MaACL
005 20230906223015.0
008 180117s1859 cc |||| | chi d
130 0 _aBiblia.
_lChino.
_9157126
245 1 0 _a[Santa Biblia].
260 _aShanghai, Jiangsu :
_bMo hai shu guan,
_c1859.
300 _a4 v. ;
_c22 cm.
500 _aHojas fabricadas en papel de arroz.
500 _aEn el lomo de la encuadernación: Santa Biblia, en chino.
546 _aIdioma: chino mandarín, con grafía de chino antiguo tradicional.
597 _aEn hojas dobles, estilo oriental.
597 _aPublicación en sentido inverso.
852 _aES-MaACL
_jG-11061-64
999 _c187691
_d187691